| 000 | 00549nam a2200205Ia 4500 | ||
|---|---|---|---|
| 008 | 180628s9999 xx 000 0 und d | ||
| 020 | _a978-0-14-303969-3 | ||
| 050 | _aFIL PQ 8897 | ||
| 050 | _b.R59N6 2006 | ||
| 100 | _aRizal, Jose. | ||
| 245 | 0 | _aNoli me tangere : | |
| 245 | 0 | _b(touch me not) / | |
| 245 | 0 | _cJose Rizal; translated, with an introduction and notes by Harold Augenbraum. | |
| 260 | _aNew York : | ||
| 260 | _bPenguin Group, | ||
| 260 | _c2006 | ||
| 300 | _a444 pges : | ||
| 300 | _c20 cm. | ||
| 650 | _aTouch me not. | ||
| 999 |
_c358128 _d358128 |
||